000 00412pab a2200157 454500
008 180718b2017 xxu||||| |||| 00| 0 eng d
100 _aDiwakar, Amar
245 _aAffirming the Syrian revolution: experiments in autonomy
260 _c2017
300 _ap.34-38.
362 _a27 May
650 _aRevolution - Syria
650 _aRevolution
773 _aEconomic and Political Weekly
909 _a114854
999 _c114848
_d114848